Datum a čas kvízu
24
Celkem bodů
Celkový počet nahraných bodů na tomto kvízu bez doplňovacích otázek.
7.
Pořadí na kvízu
Konečné umístění týmu na tomto kvízu.
Zaznamenané odpovědi
| # | Otázka | Odpověď | Body | Výsledky |
|---|---|---|---|---|
| 1. | Český premiér Petr Fiala se mi... | Etiopii | 0 | |
| 2. | V úterý se v jisté evropské mo... | Španělsko, princezna Leonor | 1 | |
| 3. | Jedna kapela ve čtvrtek vydala... | The Beatles | 1 | |
| 4. | Minulý týden otevřel jistý ame... | Popeye's | 1 | |
| 5. | Že v sobotním vyhlašování anke... | Tomáš Staněk | 0 | |
| -14. | O které významné ženě 18. stol... | o Marii Antoinettě | 0 | |
| -13. | Ze dřeva kterého stromu bývají... | z dubového dřeva | 1 | |
| -12. | Jak se slovem začínajícím na p... | enologie | 0 | |
| -11. | Vinařská oblast Čechy se dělí... | litoměřickou | 0 | |
| -10. | Brandy je pálenka vyrobená z h... | Cognac | 0 |